[Event "AUTO-INT-1115"]
[Site "http://www.queenalice.com/game.php?id=498279"]
[Date "2008.11.25"]
[Round "1"]
[White "Jamtony"]
[Black "johnny_knoxville"]
[Result "1-0"]
[WhiteElo "1689"]
[BlackElo "1669"]

1. e4 e5 2. a3 Nf6 3. Bd3 Bc5 4. Qf3 Nc6 5. b4 Bb6 6. c3 d6 7. h3 Be6 8. Ne2 Qe7
9. O-O O-O-O 10. a4 a6 11. a5 Ba7 12. Na3 d5 13. exd5 Bxd5 14. Qg3 Nh5 15. Qg4+
Be6 16. Qxh5 g6 17. Qh6 Rxd3 18. Qg7 Rdd8 19. b5 Nxa5 20. bxa6 bxa6 21. Rb1 Qd7
22. Qxe5 Nc6 23. Qf6 Bxh3 24. gxh3 Qxh3 25. Qxc6 Qg4+ 26. Ng3 Bb6 27. Rxb6 h5
28. Rb7 Rd7 29. d3 h4 30. Qxa6 Kd8 31. Rb8+ Ke7 32. Rxh8 hxg3 33. f3 Qf5 34.
Re1+ Qe6 35. Bg5+ f6 36. Qxe6# 1-0

[Event "AUTO-INT-1133"]
[Site "http://www.queenalice.com/game.php?id=506994"]
[Date "2008.12.13"]
[Round "1"]
[White "lafayete2000"]
[Black "johnny_knoxville"]
[Result "1-0"]
[WhiteElo "1505"]
[BlackElo "1714"]

1. e4 e5 2. Nf3 Nc6 3. Bb5 Nge7 4. O-O a6 5. Bxc6 Nxc6 6. c3 d6 7. h3 Be6 8. d3
Qd7 9. b4 Be7 10. Bg5 Bxh3 11. gxh3 Qxh3 12. Bxe7 Nxe7 13. Nh2 Ng6 14. Qf3 Nf4
15. Qxh3 Nxh3+ 16. Kg2 Nf4+ 17. Kf3 Nxd3 18. a4 O-O 19. b5 axb5 20. a5 b6 21. a6
Ra7 22. Na3 b4 23. cxb4 Nxb4 24. Nb5 Rxa6 25. Nxc7 Rxa1 26. Rxa1 Nc6 27. Rb1
Nd4+ 28. Kg2 Rc8 29. Nd5 Rc4 30. Rxb6 Rc6 31. Rb8+ 1-0

[Event "AUTO-INT-1133"]
[Site "http://www.queenalice.com/game.php?id=506995"]
[Date "2008.12.13"]
[Round "1"]
[White "johnny_knoxville"]
[Black "lafayete2000"]
[Result "1-0"]
[WhiteElo "1694"]
[BlackElo "1493"]

1. e4 e5 2. Nf3 d6 3. Nc3 Bg4 4. Be2 Nc6 5. a3 Nf6 6. d3 Bxf3 7. Bxf3 Nd4 8. Bg5
h6 9. Bxf6 Qxf6 10. Nd5 Nxf3+ 11. Qxf3 Qxf3 12. gxf3 O-O-O 13. O-O-O g5 14. Nf6
h5 15. h4 gxh4 16. Nd5 Rg8 17. Rxh4 Rg2 18. Rf1 c6 19. Ne3 Rg5 20. Rfh1 Rg3 21.
fxg3 1-0

[Event "AUTO-INT-1133"]
[Site "http://www.queenalice.com/game.php?id=507012"]
[Date "2008.12.13"]
[Round "1"]
[White "johnny_knoxville"]
[Black "vortex"]
[Result "1-0"]
[WhiteElo "1654"]
[BlackElo "1582"]

1. e4 c5 2. Nf3 Nc6 3. Bb5 Qc7 4. d4 a6 5. Bc4 e6 6. Nc3 Nf6 7. Bg5 cxd4 8. Nxd4
Bb4 9. Bxf6 Bxc3+ 10. bxc3 gxf6 11. Qf3 Ne5 12. Qxf6 Ng6 13. Bd3 O-O 14. O-O e5
15. Nf5 Qxc3 16. Qg7# 1-0

[Event "AUTO-INT-1133"]
[Site "http://www.queenalice.com/game.php?id=507013"]
[Date "2008.12.13"]
[Round "1"]
[White "vortex"]
[Black "johnny_knoxville"]
[Result "0-1"]
[WhiteElo "1589"]
[BlackElo "1682"]

1. d4 Nf6 2. Bg5 e6 3. e4 Be7 4. e5 Nd5 5. Bxe7 Qxe7 6. Nf3 Qb4+ 7. Nc3 Qxb2 8.
Nxd5 exd5 9. Bd3 d6 10. exd6 cxd6 11. Qe2+ Be6 12. Ng5 Qxa1+ 13. Kd2 Qxh1 14.
Bf5 Qa1 15. Bxe6 O-O 16. Qd3 g6 17. Bxd5 Nd7 18. Bxb7 Rab8 19. Bd5 Rbe8 20. Ne4
Nf6 21. Nxf6+ Kg7 22. Nxe8+ Rxe8 23. Be4 f5 24. f3 d5 25. Qb5 Re7 26. Qxd5 fxe4
27. fxe4 Qg1 28. e5 Qf2+ 29. Kc3 Rc7+ 30. Kb4 Qxc2 31. Qb3 Rb7+ 32. Ka3 Rxb3+
0-1

[Event "AUTO-INT-1133"]
[Site "http://www.queenalice.com/game.php?id=507014"]
[Date "2008.12.13"]
[Round "1"]
[White "johnny_knoxville"]
[Black "BISPO_Daniel"]
[Result "1-0"]
[WhiteElo "1690"]
[BlackElo "1250"]

1. e4 Nf6 2. Nc3 g5 3. e5 Ng8 4. d4 e6 5. g3 Bb4 6. Ne2 f5 7. Bg2 d5 8. Bd2 Ne7
9. O-O Nd7 10. a3 Ba5 11. b4 Bb6 12. Bxg5 h6 13. Nf4 Nf8 14. Bxe7 Qxe7 15. Na4
h5 16. Nxh5 c5 17. dxc5 Bc7 18. Nf6+ Kf7 19. Bf3 Bxe5 20. Re1 Qxf6 21. Bh5+ Ke7
22. Rb1 f4 23. Qe2 b6 24. cxb6 Qf5 25. Qxe5 Qxh5 26. Qc7+ Ke8 27. Qc6+ Nd7 28.
Rxe6+ Kf7 29. h4 Nxb6 30. Rf6+ Kg7 31. Nxb6 Bf5 32. Re1 axb6 33. Re7+ Kg8 34.
Qxa8+ 1-0

[Event "AUTO-INT-1133"]
[Site "http://www.queenalice.com/game.php?id=507015"]
[Date "2008.12.13"]
[Round "1"]
[White "BISPO_Daniel"]
[Black "johnny_knoxville"]
[Result "0-1"]
[WhiteElo "1239"]
[BlackElo "1716"]

1. e4 Nf6 2. Nc3 e5 3. Bc4 Nc6 4. Nf3 Bb4 5. Ng5 d5 6. exd5 Nxd5 7. Nxd5 h6 8.
Qh5 Be6 9. Ne3 Qxg5 10. Qf3 Nd4 11. Qxb7 Qd8 12. a3 Bxc4 13. Nxc4 Nxc2+ 14. Kd1
Nxa1 15. axb4 Nb3 16. Re1 O-O 17. Nxe5 Re8 18. d3 f6 19. Nc6 Qxd3+ 20. Bd2 Qxd2#
0-1

[Event "Challenge"]
[Site "http://www.queenalice.com/game.php?id=532632"]
[Date "2009.1.31"]
[Round "-"]
[White "Landoaldojr"]
[Black "johnny_knoxville"]
[Result "1/2-1/2"]
[WhiteElo "1643"]
[BlackElo "1681"]

1. Nf3 d5 2. d4 Bg4 3. Ne5 Nf6 4. Nxg4 Nxg4 5. e3 Nf6 6. Bb5+ c6 7. Be2 e6 8.
O-O Bd6 9. f4 O-O 10. Bd2 Nbd7 11. Bc3 c5 12. dxc5 Bxc5 13. Bd4 Ne4 14. Nc3 Nxc3
15. bxc3 b6 16. Qe1 f6 17. Rb1 e5 18. fxe5 fxe5 19. Bxc5 Nxc5 20. c4 d4 21. Rd1
Rf6 22. Rxf6 Qxf6 23. Qf1 Rf8 24. Qxf6 Rxf6 25. exd4 exd4 26. Rxd4 Re6 27. Rd8+
Kf7 28. Bf3 Ke7 29. Ra8 a6 30. Ra7+ Kf6 31. Ra8 h6 32. Rd8 a5 33. Bd5 Re2 34.
Rd6+ Ke7 35. Rxb6 Rxc2 36. Rb5 Rc1+ 37. Kf2 Nd3+ 38. Ke3 Rc3 39. Rxa5 Nb4+ 40.
Kd4 Rc2 41. Be4 Rxa2 42. Rxa2 Nxa2 43. c5 Kd7 44. Kc4 Nc1 45. c6+ Kc7 46. g4 Ne2
47. Kd3 Nf4+ 48. Ke3 Ne6 49. h4 Nc5 50. Bd5 Kd6 51. h5 Na6 52. Kd4 Nb4 53. Be4
Nxc6+ 54. Bxc6 Kxc6 55. Ke4 Kd6 56. Kf5 Ke7 57. Kg6 Kf8 58. g5 hxg5 59. Kxg5 Kf7
60. Kf5 Kg8 61. Kg6 Kh8 62. h6 gxh6 63. Kxh6 Kg8 64. Kg6 Kf8 65. Kf6 Kg8 66. Kg6
Kf8 67. Kf6 Kg8 68. Kg6 1/2-1/2

[Event "AUTO-INT-1035"]
[Site "http://www.queenalice.com/game.php?id=539557"]
[Date "2009.2.13"]
[Round "2"]
[White "rockaudrey"]
[Black "johnny_knoxville"]
[Result "0-1"]
[WhiteElo "1729"]
[BlackElo "1698"]

1. e4 e5 2. Nf3 d6 3. d4 f6 4. dxe5 fxe5 5. Nc3 Bg4 6. Be2 Nf6 7. Bg5 Nbd7 8.
Qd2 Be7 9. O-O-O h6 10. Bxf6 Bxf6 11. Kb1 Qe7 12. h3 Bxf3 13. Bxf3 O-O-O 14. g4
Bg5 15. Qd5 Nb6 16. Qa5 a6 17. h4 Bxh4 18. Nd5 Nxd5 19. Rxd5 Bxf2 20. Be2 Bb6
21. Qc3 c6 0-1

[Event "AUTO-INT-1035"]
[Site "http://www.queenalice.com/game.php?id=539558"]
[Date "2009.2.13"]
[Round "2"]
[White "johnny_knoxville"]
[Black "rockaudrey"]
[Result "1-0"]
[WhiteElo "1679"]
[BlackElo "1748"]

1. e4 c5 2. Nf3 Nc6 3. Bc4 e6 4. Nc3 Nf6 5. d3 d5 6. exd5 exd5 7. Bb5 Bd7 8. Bg5
d4 9. Ne2 Qa5+ 10. Qd2 Qxb5 11. Bxf6 gxf6 12. b3 O-O-O 13. O-O Rg8 14. h3 Bxh3
15. Ng3 Bg4 16. Nh4 Bd6 17. Nhf5 Bxg3 18. Nxg3 Ne5 19. Rfe1 Qc6 20. Re4 h5 21.
Qe1 1-0

[Event "AUTO-INT-1133"]
[Site "http://www.queenalice.com/game.php?id=540415"]
[Date "2009.2.14"]
[Round "2"]
[White "johnny_knoxville"]
[Black "mufra22"]
[Result "0-1"]
[WhiteElo "1685"]
[BlackElo "1978"]

1. e4 c5 2. Nc3 Nc6 3. Bb5 d6 4. Bxc6+ bxc6 5. d3 e6 6. Nf3 Be7 7. O-O Nf6 8.
Re1 O-O 9. Bf4 Bd7 10. Qc1 a5 11. e5 dxe5 12. Bxe5 Nd5 13. Na4 f6 14. Bf4 e5 15.
Be3 Qc7 16. Bxc5 Bxc5 17. Nxc5 Qd6 18. Ne4 Qc7 19. c3 Nf4 20. Qd2 Rad8 21. Nc5
Bc8 22. Qc2 Qd6 23. Ne4 Qxd3 24. Qxd3 Nxd3 25. Re2 Bg4 26. Rb1 Bxf3 27. gxf3 Nf4
28. Rd2 Rxd2 29. Nxd2 Rd8 30. Ne4 Rd5 31. c4 Rd3 32. c5 Rxf3 33. Rd1 Rd3 34. Nc3
Rxd1+ 35. Nxd1 Nd3 36. a3 Nxc5 37. b4 axb4 38. axb4 Nd3 39. Nc3 Nxb4 40. Ne4 Kf7
41. Nd6+ Ke6 42. Ne4 Kd5 43. Nc3+ Kc4 44. Ne4 c5 45. Nd6+ Kd5 46. Nb5 c4 47.
Nc3+ Kd4 48. Ne2+ Kd3 49. Nc1+ Kd2 0-1

[Event "AUTO-INT-1133"]
[Site "http://www.queenalice.com/game.php?id=540416"]
[Date "2009.2.14"]
[Round "2"]
[White "mufra22"]
[Black "johnny_knoxville"]
[Result "1-0"]
[WhiteElo "1949"]
[BlackElo "1691"]

1. e4 e5 2. Nf3 d6 3. d4 Bg4 4. dxe5 Bxf3 5. Qxf3 dxe5 6. Bc4 Nf6 7. Nc3 Bb4 8.
O-O Nc6 9. Bg5 Be7 10. Rad1 Nd4 11. Qg3 Bd6 12. f4 Qe7 13. Bxf6 Qxf6 14. f5
O-O-O 15. Qf2 Bb4 16. Nd5 Qd6 17. c3 Qc5 18. cxb4 Qxc4 19. Kh1 Qxa2 20. Rc1 c6
21. Qg3 Kd7 22. Nc3 Qxb2 23. Qxe5 Qxb4 24. Rfd1 c5 25. Nd5 Qa5 26. Qe7+ Kc8 27.
Rxc5+ Nc6 28. Rdc1 Rhe8 29. Qxe8 Rxe8 30. Rxa5 Kb8 31. Ra4 Rc8 32. Raa1 Re8 33.
Rab1 Rc8 34. g4 b6 35. Nxb6 axb6 36. Rxb6+ Ka7 37. Rbxc6 Rxc6 38. Rxc6 Kb7 39.
Rc1 Kb8 40. h4 Kb7 41. g5 1-0

[Event "AUTO-INT-1133"]
[Site "http://www.queenalice.com/game.php?id=540417"]
[Date "2009.2.14"]
[Round "2"]
[White "johnny_knoxville"]
[Black "saturnin"]
[Result "1-0"]
[WhiteElo "1692"]
[BlackElo "1532"]

1. d4 Nf6 2. c4 c6 3. Nf3 e6 4. Nc3 Bb4 5. Bd2 d5 6. e3 a5 7. Bd3 c5 8. a3 cxd4
9. Nxd4 O-O 10. axb4 e5 11. Nde2 dxc4 12. Bxc4 b6 13. O-O Bb7 14. Qc2 g6 15.
Rfd1 axb4 16. Rxa8 Bxa8 17. Nb5 Be4 18. Qc1 Na6 19. Bxb4 Qc8 20. Bxf8 Kxf8 21.
Nd6 Qa8 22. Qa1 Bc2 23. Rd2 Ke7 24. Qxa6 Qxa6 25. Bxa6 Bb3 26. Nc8+ Ke6 27. Rd6+
Kf5 28. Ne7+ Kg5 29. f4+ exf4 30. exf4+ Kh5 31. Rxf6 1-0

[Event "AUTO-INT-1133"]
[Site "http://www.queenalice.com/game.php?id=540418"]
[Date "2009.2.14"]
[Round "2"]
[White "saturnin"]
[Black "johnny_knoxville"]
[Result "0-1"]
[WhiteElo "1522"]
[BlackElo "1702"]

1. e4 e5 2. Qh5 d6 3. Nh3 Nf6 4. Qf3 Nc6 5. Be2 Bxh3 6. gxh3 Qd7 7. Rg1 Nd4 8.
Qd3 Be7 9. Rxg7 Nxe2 10. Qxe2 Qxh3 11. Qc4 O-O-O 12. Qxf7 Rd7 13. Qc4 Qxh2 14.
f3 Qh1+ 15. Qf1 Qxf1+ 16. Kxf1 Rf8 17. d3 d5 18. Bg5 dxe4 19. Bxf6 Bxf6 20. Rxd7
Kxd7 21. fxe4 h5 22. Nc3 Be7+ 23. Kg2 c6 24. a4 Bc5 25. Rc1 Bd4 26. Rb1 Rf2+ 27.
Kg3 Rxc2 28. Nd1 Rd2 0-1

[Event "Challenge"]
[Site "http://www.queenalice.com/game.php?id=567029"]
[Date "2009.4.5"]
[Round "-"]
[White "vortex"]
[Black "johnny_knoxville"]
[Result "0-1"]
[WhiteElo "1718"]
[BlackElo "1715"]

1. e4 e5 2. Nf3 Nc6 3. Bc4 Nf6 4. O-O d5 5. exd5 Nxd5 6. Re1 Bg4 7. b3 Be7 8. h3
Bxf3 9. Qxf3 Ncb4 10. Bd3 Nf4 11. Bb5+ c6 12. Bd3 Nfxd3 13. Re3 Nxc1 14. Re4
Nxc2 15. Qc3 Nxa1 16. Qxc1 Qd3 17. Rxe5 Nc2 18. Nc3 f6 19. Re4 Rd8 20. Re2 Nd4
21. Re3 Qc2 22. Qe1 Rd7 23. Kf1 Nf5 24. Re6 Rxd2 25. Re2 Rxe2 26. Nxe2 O-O 27.
Nc3 Bb4 28. Qe6+ Kh8 29. Na4 Qd1+ 30. Qe1 Qxe1# 0-1

[Event "AUTO-INT-1115"]
[Site "http://www.queenalice.com/game.php?id=581135"]
[Date "2009.5.1"]
[Round "2"]
[White "ferrari"]
[Black "johnny_knoxville"]
[Result "1-0"]
[WhiteElo "1983"]
[BlackElo "1692"]

1. e4 e5 2. Nf3 Nc6 3. Bc4 Bc5 4. O-O Nf6 5. Nc3 O-O 6. d3 d6 7. Na4 Bg4 8. c3
a6 9. Nxc5 dxc5 10. h3 Bh5 11. Bg5 Qd6 12. Bxf6 Qxf6 13. g4 Bg6 14. Rc1 b5 15.
Bd5 Rab8 16. b3 Ne7 17. c4 Nxd5 18. cxd5 Qd6 19. Qc2 Qf6 20. Nd2 Qh4 21. Kh2 Qe7
22. Nf3 Qd6 23. Qxc5 f6 24. Qxc7 Qxc7 25. Rxc7 Rf7 26. Rxf7 Bxf7 27. Rc1 h6 28.
d4 exd4 29. Nxd4 Re8 30. f3 g6 31. Nc6 Kf8 32. Nb4 g5 33. Nxa6 Ra8 34. Nb4 Be8
35. Rc7 Rb8 36. Nc6 Bxc6 37. dxc6 1-0

[Event "AUTO-INT-1115"]
[Site "http://www.queenalice.com/game.php?id=581136"]
[Date "2009.5.1"]
[Round "2"]
[White "johnny_knoxville"]
[Black "ferrari"]
[Result "0-1"]
[WhiteElo "1697"]
[BlackElo "1978"]

1. e4 d6 2. d4 Nf6 3. Nc3 g6 4. Nf3 Bg7 5. Bc4 O-O 6. O-O Bg4 7. Be3 Nc6 8. a3
Na5 9. Be2 Nc6 10. Bc4 Na5 11. Be2 a6 12. Qd2 b5 13. b4 Nc6 14. e5 dxe5 15. dxe5
Qxd2 16. Bxd2 Nd7 17. Nd5 e6 18. Ne3 Bxf3 19. Bxf3 Ndxe5 20. Be2 Nd4 21. Bd1 Nc4
22. Nxc4 bxc4 23. c3 Nb5 24. Be2 Nxc3 25. Bxc3 Bxc3 26. Rab1 Rfb8 27. Bxc4 Bd4
28. Rfd1 Bg7 29. Rd7 c6 30. Rc7 Rc8 31. Rd7 a5 32. bxa5 Rxa5 33. Rbb7 Rf8 34.
Bxe6 Rxa3 35. g3 Rf3 36. Bd5 cxd5 0-1

[Event "AUTO-INT-1115"]
[Site "http://www.queenalice.com/game.php?id=581139"]
[Date "2009.5.1"]
[Round "2"]
[White "mudinho"]
[Black "johnny_knoxville"]
[Result "0-1"]
[WhiteElo "1451"]
[BlackElo "1688"]

1. e4 e5 2. Nf3 Nc6 3. Nc3 Nf6 4. Bb5 a6 5. Bxc6 dxc6 6. Nxe5 Qe7 7. Nf3 Nxe4 8.
O-O Qf6 9. d3 Nxc3 10. bxc3 Qxc3 11. Rb1 Be6 12. Ng5 O-O-O 13. Bb2 Qa5 14. Nxe6
fxe6 15. Re1 Qxa2 16. Qg4 Rg8 17. Qxe6+ Qxe6 18. Rxe6 Rd6 19. Rxd6 cxd6 20. f4
g6 21. g4 Bg7 22. Bxg7 Rxg7 23. Kf2 Re7 24. h4 Kc7 25. Re1 Rf7 26. Kg3 Kd7 27.
h5 Re7 28. Rxe7+ Kxe7 29. hxg6 hxg6 30. f5 gxf5 31. gxf5 a5 32. Kf4 Kf6 33. c3
a4 34. d4 a3 0-1

[Event "AUTO-INT-1115"]
[Site "http://www.queenalice.com/game.php?id=581140"]
[Date "2009.5.1"]
[Round "2"]
[White "johnny_knoxville"]
[Black "mudinho"]
[Result "1-0"]
[WhiteElo "1695"]
[BlackElo "1480"]

1. e4 e5 2. Nf3 Nc6 3. Bb5 d6 4. O-O Nf6 5. Nc3 Bd7 6. d3 a6 7. Bc4 h6 8. Be3
Be7 9. d4 exd4 10. Nxd4 Nxd4 11. Bxd4 O-O 12. Qf3 Bg4 13. Qe3 c5 14. Bxf6 Bxf6
15. f3 Bd7 16. Bd5 Rb8 17. Rad1 Qa5 18. a3 b6 19. Bb3 Bb5 20. Nxb5 axb5 21. Rxd6
Bd4 22. Rxd4 cxd4 23. Qxd4 Rbd8 24. Qe3 b4 25. Ra1 bxa3 26. Rxa3 Qe5 27. Qxb6
Qxb2 28. Bxf7+ Rxf7 29. Qxb2 Rd1+ 30. Kf2 Rd2+ 31. Kg3 Rf8 32. Ra7 Rf7 33. Rxf7
Kxf7 34. Qb3+ Ke8 35. Qg8+ Kd7 36. Qxg7+ Ke8 37. c3 Rd6 38. Qe5+ Kd7 39. Qxd6+
Kxd6 40. Kg4 Ke6 41. Kh5 1-0

[Event "AUTO-INT-1115"]
[Site "http://www.queenalice.com/game.php?id=581141"]
[Date "2009.5.1"]
[Round "2"]
[White "Archer"]
[Black "johnny_knoxville"]
[Result "1-0"]
[WhiteElo "1647"]
[BlackElo "1731"]

1. e4 e5 2. Bc4 Nf6 3. d3 Nc6 4. Nf3 Bc5 5. a3 d6 6. Bd2 Bg4 7. h3 Bh5 8. g4 Bg6
9. Nh4 Qe7 10. Nxg6 hxg6 11. c3 Nxg4 12. Qxg4 Qf6 13. O-O Qh4 14. Qxh4 Rxh4 15.
Kh2 f6 16. b4 Bb6 17. Ba2 Ke7 18. Rg1 g5 19. Rg3 Bxf2 20. Rf3 g4 21. Rxf2 Rah8
22. Kg2 gxh3+ 23. Kh2 g5 24. Be1 Rf4 25. Rxf4 exf4 26. Nd2 g4 27. Nf1 Ne5 28.
Rd1 Nf3+ 29. Kh1 Nxe1 30. Rxe1 g3 31. Nd2 h2 32. Nf3 Rh3 33. Rf1 Kf8 34. d4 Kg7
35. Be6 Kh6 36. Bxh3 1-0

[Event "AUTO-INT-1115"]
[Site "http://www.queenalice.com/game.php?id=581142"]
[Date "2009.5.1"]
[Round "2"]
[White "johnny_knoxville"]
[Black "Archer"]
[Result "0-1"]
[WhiteElo "1712"]
[BlackElo "1747"]

1. e4 e6 2. d4 Be7 3. Nf3 Nf6 4. Nc3 O-O 5. Be2 a6 6. O-O b5 7. Be3 b4 8. Na4
Nxe4 9. c3 bxc3 10. Nxc3 Nxc3 11. bxc3 d5 12. Ne5 f6 13. Nf3 Nc6 14. Qa4 Bd7 15.
Qc2 f5 16. Ne5 Nxe5 17. dxe5 a5 18. a4 c5 19. Bh5 Rc8 20. Qd2 Bc6 21. Qe2 g6 22.
Bf3 c4 23. Bd4 h5 24. Qe3 Rf7 25. Qh6 Rg7 26. Be2 Bg5 27. Qxg7+ Kxg7 28. Rfb1
Bh6 29. Bb6 Qe7 30. Bxa5 h4 31. Bb4 Qd8 32. a5 Bf4 33. Bd6 g5 34. a6 g4 35. a7
g3 36. hxg3 hxg3 37. Rb8 gxf2+ 38. Kf1 Bg3 39. Ra6 Ba8 40. Bd1 Qh8 41. Bf8+ Qxf8
42. Rxe6 Qh8 43. Re7+ Kg6 44. Rb6+ Kg5 45. Ke2 Qh1 46. Rg7+ Kf4 47. e6 Qe1# 0-1